Česká debata o vnější dimenzi energetické bezpečnosti a národní zájem
Analýza vonkajšej dimenzie energetickej bezpečnosti a národný záujem Českej republiky.
Salvato in:
| Autore principale: | |
|---|---|
| Altri autori: | |
| Natura: | Capitolo di libro |
| Lingua: | ceco |
| Soggetti: | |
| Tags: |
Nessun Tag, puoi essere il primo ad aggiungerne!!
|
MARC
| LEADER | 00000nla a2200000 4500 | ||
|---|---|---|---|
| 001 | 0157561 | ||
| 005 | 20240108072856.2 | ||
| 041 | 0 | |a cze | |
| 044 | |a CZ | ||
| 245 | 1 | 0 | |a Česká debata o vnější dimenzi energetické bezpečnosti a národní zájem |c Lukáš Tichý, Petr Binhack |
| 520 | |a Analýza vonkajšej dimenzie energetickej bezpečnosti a národný záujem Českej republiky. | ||
| 610 | 2 | 0 | |a bezpečnosť energetická |
| 610 | 2 | 0 | |a záujmy verejné |
| 610 | 2 | 0 | |a záujmy ekonomické |
| 610 | 2 | 0 | |a politika bezpečnostná |
| 610 | 2 | 0 | |a politika medzinárodná |
| 610 | 2 | 0 | |a Česko |
| 100 | 1 | |a Tichý, Lukáš | |
| 700 | 1 | |a Binhack, Petr | |